000 00813nam a2200253 i 4500
001 bg
100 1 _aMcCLELLAND, Deke
245 1 0 _aCorelDRAW!5 dla opornych /
_cDeke McClelland ; [oprac. wersji pol. Michał Sułkiewicz ; przekł. uzup. z ang. Wojtek Kowal et al.].
246 _iTyt. oryg.:
_aCorelDRAW!5 for dummies
260 _aWarszawa :
_b"Read Me",
_c1995.
300 _aXIX, 378 s. :
_brys. ;
_c24 cm.
500 _aOryg. : "CorelDRAW!5 for dummies" 1993.
630 0 9 _aCorelDRAW
655 _aPodręczniki
700 1 _aSUŁKIEWICZ, Michał.
_eOprac.
700 1 _aKOWAL, Wojtek.
_eTł.
020 _a8385769854
040 _cBPK
041 1 _apol
_heng
080 _a681.322.06:741/744:655.1/.3](07)
920 _a83-85769-85-4
942 _cKS
008 s pl f |000 0 pol
999 _c24750
_d24750
856 _uhttp://koha.tu.koszalin.pl/cgi-bin/koha/opac-detail.pl?biblionumber=24750
_yKatalog online BPK